000 00932nas a2200313 4500
001 BR0403869
003 BR-BrBNA
005 20231205104736.0
007 ta
008 230509b bl.|||p| |||| 00| 00por d
040 _aBR-BrBNA
_bpor
_cBiblioteca Nacional de Agricultura
041 _a(Pt)
072 _aE16; L01
100 1 _aPilau, A.
100 1 _aRocha, M.G. da
100 1 _aSantos, D.T. dos
245 1 _aAnálise econômica de sistemas de produção para recria de bezerras de corte
650 _aBEZERRO DE CORTE
650 _aANÁLISE ECONÔMICA
650 _aRECRIA
650 _aAZEVÉM
650 _aPASTAGEM
650 _aSUPLEMENTO ALIMENTAR
650 _aCUSTO DE PRODUÇÃO
650 _aGANHO DE PESO
773 0 _tRevista Brasileira de Zootecnia (Brazil)
_xISSN 1516-3598
_g(Jul-Aug 2003), v. 32(4) p. 966-976
_wBR0403869
909 _a202311
_bLúcia
_c55
_dLúcia Elande
942 _2AGRIS
_n0
_cANA
999 _c179500
_d179500